LEADER 01202nam a2200289 u 4500 001 000000042996 003 CaOOAMICUS 005 20070226114404.0 008 990315s1983 enk u000 u eng u 020 $a0333345053 035 $a10817313 040 $aPUL(R)$bita 100 1 $aPoggi, Gianfranco.$0(OLS)http://pul/name/31521 245 10$aCalvinism and the capitalist spirit :$bMax Weber's protestant ethic /$cGianfranco Poggi. 260 $aLondon :$bMacMillan Press,$c1983. 300 $axii, 121 p. ;$c22 cm 500 $aContiene indici. 600 14$aWeber, Max,$d1864-1920.$0(OLS)http://pul/subject/18992 650 4$aCapitalismo.$0(OLS)http://pul/subject/7257 650 4$aCalvinismo.$0(OLS)http://pul/subject/9889 850 $aPUL 852 $aPUL$W1$xDP1 Cons. Gen., Altre Classi 1$y22$m46 C 52$j57979$nBK-PRI$b $qStampati$B57979$CPULBib$Z2$F57979 $H $81 941 1 $a8 961 $aINV: 56471 996 $6020$a0333345053$9(OLS)http://pul/number/53624 996 $6245$aCalvinism and the capitalist spirit :$bMax Weber's protestant ethic$9(OLS)http://pul/title/57993 996 $6260$aLondon :$bMacMillan Press$9(OLS)http://pul/publisher/65101 LEADER 01196nam a2200265 u 4500 001 000000008322 003 CaOOAMICUS 005 20070226105100.0 008 940615s1953 fr b u000 u fre u 035 $a10214840 040 $aPUL(R)$bita 041 1 $afre$hheb 130 0 $aBiblia.$pV.T.$pGenesis.$lFrancese.$0(OLS)http://pul/title/12196 245 13$aLa Genèse /$ctraduite par R. de Vaux, O. P. 260 $aParis :$bLes Éditions du Cerf,$c1953. 300 $a218 p. :$b1 c. geogr. pieg. ;$c19 cm 490 1 $aLa Sainte Bible traduite en français sous la direction de l'Ecole biblique de Jérusalem 700 1 $aVaux, Roland de,$cO.P.,$d1903-1971.$0(OLS)http://pul/name/8320 830 3$aLa Sainte Bible traduite en français sous la direction de l'Ecole biblique de Jérusalem.$0(OLS)http://pul/title/4683 850 $aPUL 852 $aPUL$W1$xDP1 Fondo Cecchetti$y53$m263 F 54$j11761$nBK-PRI$b $qFondi$B11761$CPULBib$Z2$F11761 $HPUL559 $81 900 $aDe Vaux, Roland,$cO.P.,$d1903-1971$98320 941 1 $a1 996 $6245$aLa Genèse$9(OLS)http://pul/title/12197 996 $6260$aParis :$bLes Éditions du Cerf$9(OLS)http://pul/publisher/47861